Ensayo sobre el gobierno en Europa

Uloženo v:
Podrobná bibliografie
Hlavní autor: Montt Luco, Ambrosio (autor)
Médium: Kniha
Jazyk:španělština
Vydáno: París Imprenta D'Aubusson y Kugelmann 1859
Témata:
Tagy: Přidat tag
Žádné tagy, Buďte první, kdo vytvoří štítek k tomuto záznamu!

MARC

LEADER 00000nam a2200000 a 4500
001 UCV0987
003 CL-VaPUC
008 890811e18590000FR |||||||||||||||||spa|d
082 0 4 |a 320.94  |b MON  |2 21 
100 |a Montt Luco, Ambrosio  |e autor  |9 404000 
245 1 0 |a Ensayo sobre el gobierno en Europa 
300 |a 504 p 
942 |c BK 
945 |d 19890811 00:00:00 
260 |a París  |b Imprenta D'Aubusson y Kugelmann  |c 1859 
650 0 |a Política y gobierno  |9 255151 
650 0 |a Civilización   |9 255823 
651 0 |a Europa  |9 255156 
583 |a last modification  |c 19890811 00:00:00  |k Rodrigo Vera 
999 |c 209116  |d 209114 
952 |0 0  |1 0  |4 0  |6 320_940000000000000_MON_1859  |7 0  |8 X  |9 184301  |a BIBDER  |b BIBDER  |d 2019-11-14  |i 2514931  |o 320.94 MON 1859  |p 2514931  |r 2023-01-25  |w 2019-11-14  |y BK_X  |k DER